Welcome to CU Library Online Public Access Catalogue (OPAC)

Principles of microeconomics / (Record no. 864)

MARC details
000 -LEADER
fixed length control field 00896cam a22002294a 4500
001 - CONTROL NUMBER
control field 15098703
005 - DATE AND TIME OF LATEST TRANSACTION
control field 20241108114418.0
008 - FIXED-LENGTH DATA ELEMENTS--GENERAL INFORMATION
fixed length control field 071130s2009 maua b 001 0 eng
020 ## - INTERNATIONAL STANDARD BOOK NUMBER
International Standard Book Number 9780073402833 (alk. paper)
020 ## - INTERNATIONAL STANDARD BOOK NUMBER
International Standard Book Number 0073402834 (alk. paper)
050 00 - LIBRARY OF CONGRESS CALL NUMBER
Classification number HB172.5
Item number .M475 2009
082 00 - DEWEY DECIMAL CLASSIFICATION NUMBER
Classification number 338.5
Edition information 22
100 1# - MAIN ENTRY--PERSONAL NAME
Personal name Miller, James D.
Fuller form of name (James Daniel)
245 10 - TITLE STATEMENT
Title Principles of microeconomics /
Statement of responsibility, etc. James D. Miller.
260 ## - PUBLICATION, DISTRIBUTION, ETC.
Place of publication, distribution, etc. Boston :
Name of publisher, distributor, etc. McGraw-Hill Irwin,
Date of publication, distribution, etc. 2009.
300 ## - PHYSICAL DESCRIPTION
Extent xxiv, 453 p. :
Other physical details ill. ;
Dimensions 25 cm.
650 #0 - SUBJECT ADDED ENTRY--TOPICAL TERM
Topical term or geographic name entry element Microeconomics.
856 42 - ELECTRONIC LOCATION AND ACCESS
Materials specified Contributor biographical information
Uniform Resource Identifier <a href="http://www.loc.gov/catdir/enhancements/fy0806/2007048719-b.html">http://www.loc.gov/catdir/enhancements/fy0806/2007048719-b.html</a>
856 42 - ELECTRONIC LOCATION AND ACCESS
Materials specified Publisher description
Uniform Resource Identifier <a href="http://www.loc.gov/catdir/enhancements/fy0806/2007048719-d.html">http://www.loc.gov/catdir/enhancements/fy0806/2007048719-d.html</a>
856 41 - ELECTRONIC LOCATION AND ACCESS
Materials specified Table of contents only
Uniform Resource Identifier <a href="http://www.loc.gov/catdir/enhancements/fy0806/2007048719-t.html">http://www.loc.gov/catdir/enhancements/fy0806/2007048719-t.html</a>
942 ## - ADDED ENTRY ELEMENTS (KOHA)
Source of classification or shelving scheme Library of Congress Classification
Koha item type Books
Suppress in OPAC No
999 ## -
-- 864
-- 864
Holdings
Withdrawn status Lost status Source of classification or shelving scheme Damaged status Not for loan Collection Home library Current library Shelving location Date acquired Total checkouts Full call number Barcode Date last seen Copy number Price effective from Koha item type
    Library of Congress Classification     Non-fiction Business Library (Miotso) Business Library (Miotso) General stacks 11/08/2024   HB172.5 .M475 2009 BSSM00000175 11/08/2024 1 11/08/2024 Books
    Library of Congress Classification     Non-fiction Undergraduate Library (Christ Temple) Undergraduate Library (Christ Temple) General stacks 05/22/2025   HB172.5.M475 MIL ulct00002579 05/22/2025 1 05/21/2025 Books
    Library of Congress Classification     Non-fiction Undergraduate Library (Christ Temple) Undergraduate Library (Christ Temple) General stacks 05/22/2025   HB172.5.M475 MIL ulct00002580 05/22/2025 2 05/21/2025 Books
    Library of Congress Classification     Non-fiction Undergraduate Library (Christ Temple) Undergraduate Library (Christ Temple) General stacks 05/22/2025   HB172.5.M475 MIL ulct00002581 05/22/2025 3 05/21/2025 Books
© 2023-2024 Copyright: Central University Libraries. All Rights Reserved | Created by: Mahone Tech Office